书目信息 |
| 题名: |
自然灾害评估
|
|
| 作者: | 高庆华 , 马宗晋 , 张业成 著 | |
| 分册: | ||
| 出版信息: | 北京 气象出版社 2007.07 |
|
| 页数: | 251页 | |
| 开本: | 26cm | |
| 丛书名: | ||
| 单 册: | ||
| 中图分类: | X43 | |
| 科图分类: | ||
| 主题词: | 自然灾害--zi ran zai hai--评估 | |
| 电子资源: | ||
| ISBN: | 978-7-5029-4337-0 | |
| 000 | 01017nam0 2200265 450 | |
| 001 | 012008187238 | |
| 005 | 20080419152036.71 | |
| 010 | @a978-7-5029-4337-0@dCNY50.00 | |
| 100 | @a20080419d2007 em y0chiy0120 ea | |
| 101 | 0 | @achi |
| 102 | @aCN@b110000 | |
| 105 | @aa a 000yy | |
| 106 | @ar | |
| 200 | 1 | @a自然灾害评估@Azi ran zai hai ping gu@f高庆华, 马宗晋, 张业成等著@Fgao qing hua,ma zong jin,zhang ye cheng deng zhu |
| 210 | @a北京@c气象出版社@d2007.07 | |
| 215 | @a251页@c图@d26cm | |
| 320 | @a有书目 (第249-251页) | |
| 330 | @a本书是在经国家批准的由气象、洪涝、地震、地质、海洋、农林等方面的专家组成的自然灾害综合研究组及各灾害管理部门和专家工作的基础上,经过十多年的调查研究与实践,总结出的一套较完整的自然灾害评估理论体系和可操作性工作方法。 | |
| 606 | 0 | @a自然灾害@Azi ran zai hai@x评估 |
| 690 | @aX43@v4 | |
| 701 | 0 | @a高庆华@Agao qing hua@4著 |
| 701 | 0 | @a马宗晋@Ama zong jin@4著 |
| 701 | 0 | @a张业成@Azhang ye cheng@4著 |
| 801 | 0 | @aCN@bQSSK@c20080419 |
| 905 | @b294464-65@dX43@eG162@f2 | |
| 自然灾害评估/高庆华, 马宗晋, 张业成等著.-北京:气象出版社,2007.07 |
| 251页:图;26cm |
| ISBN 978-7-5029-4337-0:CNY50.00 |
| 本书是在经国家批准的由气象、洪涝、地震、地质、海洋、农林等方面的专家组成的自然灾害综合研究组及各灾害管理部门和专家工作的基础上,经过十多年的调查研究与实践,总结出的一套较完整的自然灾害评估理论体系和可操作性工作方法。 |
| ● |
| 相关链接 |
|
|
|
正题名:自然灾害评估
索取号:X43/G162
 
预约/预借
| 序号 | 登录号 | 条形码 | 馆藏地/架位号 | 状态 | 备注 |
| 1 | 294464 | 202944644 | 自科库501/501自科库 67排6列3层/ [索取号:X43/G162] | 在馆 | |
| 2 | 294465 | 202944653 | 自科库501/501自科库 67排6列3层/ [索取号:X43/G162] | 在馆 |